000 00636nam a2200217Ia 4500
005 20260429111938.0
008 260429s9999||||xx |||||||||||||| ||und||
020 _a9789355424730
041 _aEnglish
082 _a005.13
_bDOW
100 _aAllen B. Downey
245 0 _aThink python how to think like a computer scientist /
_cAllen B. Downey
250 _a3rd ed.
260 _aNavi Mumbai :
_bShroff Publishers & Distributors,
_c2024.
300 _axvii, 307 p.; pbk
650 _a Computer science
650 _a Problem solving
650 _a Programming
650 _aPython (Computer program language)
942 _cTB
999 _c51553
_d51553